000 01374nam a2200253Ia 4500
999 _c39200
_d39200
001 5786
003 GE_BSU
005 20190520191326.0
008 181216s1989||||ge |||||||||||||| ||geo||
040 _cGE_BSU
041 _ageo
080 _a681.51 : 69(075.8) მ-42
100 _aმაცეპონი, პ.
_91435
245 _aავტომატიკის სისტემების დაპროექტება მშენებლობაში :
_bდამხმ.სახელმძღვ. /
_cპ. მაცეპონი, ა. ტანატარი, ნ. ფომენკო ; მთარგმნ. : ნ. თევდორაშვილი, რ. თევდორაშვილი.
264 _aთბილისი :
_bგანათლება,
_c1989.
300 _a278 გვ. ;
_c22 სმ.
653 _aავტომატიკის სისტემების დაპროექტება მშენებლობაში
700 _a ტანატარი, ა
_eავტორი
_91436
700 _aფომენკო, ნ.
_eავტორი
_91437
700 _aთევდორაშვილი, ნ.
_eმთარგმნელი
_91438
700 _aთევდორაშვილი, რ.
_eმთარგმნელი
_91439
710 _a.
_91440
942 _cBK
_2udc